000 01171nam a2200373 i 4500
001 24626
003 KOSZ 005
005 20220920142028.0
008 960731s1996 pl f |000 0 pol
020 _a8386186003
040 _cKOSZ 005
_aKOSZ 005
_dKOSZ 005/HR
041 0 _apol
046 _k1996
080 _a657
080 _a658.1
080 _a(035)
245 7 0 _aKsięgi rachunkowe w małych firmach :
_bzakładanie i prowadzenie /
_cTeresa Kiziukiewicz [et al.].
260 _aWrocław :
_bEKSPERT,
_c1994.
300 _a224, [9] s. ;
_c24 cm.
336 _2rdacontent
_aTekst
_btxt
337 _2rdamedia
_aBez urządzenia pośredniczącego
_bn
338 _2rdacarrier
_aWolumin
_bnc
380 _aKsiążki
388 _a1901-2000
388 _a1989-2000
650 4 _aFinanse przedsiębiorstwa
650 4 _aKsięga rachunkowa
650 4 _aRachunkowość
655 4 _aPoradnik
658 _aGospodarka, ekonomia, finanse
700 1 _aKiziukiewicz, Teresa
_d(1947- )
_eAutor
856 _uhttp://koha.tu.koszalin.pl/cgi-bin/koha/opac-detail.pl?biblionumber=24626
_yKatalog online BPK
942 _cKS
_2UKD
999 _c24626
_d24626